| 000 | 00730nam a2200181 4500 | ||
|---|---|---|---|
| 001 | 144032 | ||
| 003 | ES-MaACL | ||
| 005 | 20250828095219.0 | ||
| 007 | t| | ||
| 008 | 070214s1984 sp r ||||1| spa d | ||
| 100 | 1 |
_aSimón Segura, Francisco. _9106551 |
|
| 245 | 1 | 0 |
_aHistoria económica mundial y de España / _cpreparada por D. Francisco Simón Segura. |
| 260 |
_aMadrid : _bUniversidad Nacional de Educación a Distancia, Facultad de Ciencias Económicas y Empresariales, _c1984 ( _fGrefol) |
||
| 300 |
_a419 p. ; _c30 cm. |
||
| 710 | 2 |
_aUniversidad Nacional de Educación a Distancia (España). _bFacultad de Ciencias Económicas y Empresariales _97415 |
|
| 852 |
_aES-MaACL _jL-7012 _bR.107852 |
||
| 999 |
_c144032 _d144032 |
||